000 01885nam a2200361 a 4500
001 000001940
003 DO-SdBNP
005 20250307122517.0
008 090630s1986 dr a 001 0 spa d
040 _aDO-SdBNP
_bspa
_cBNPHU
049 _aBNPD
082 _a332.7097293
_bZ78m
100 1 _aZinser, James Edward
_96291
245 1 0 _aMercados financieros y distribución del ingreso /
_cJames Edward Zinser, Claudio González Vega.
260 _aSanto Domingo :
_bCEMYB,
_c1986.
300 _a117 p. :
_bgraf. ;
_c21 cm.
490 1 _aEstudios
500 _aIncluye índice.
500 _aIncluye datos biográficos de los autores.
500 _aIncluye referencias bibliográficas y notas al pie de las páginas.
504 _aBibliografía : p. 95 y 117
505 0 _aLos mercados financieros y cambiarios regulados y no regulados y la distribución del ingreso en la República Dominicana /
_rJames Edward Zinser, Claudio González Vega --
_tMercados financieros no regulados , marco teorico/
_rJames Edward Zinser
_tEl comportamiento de los prestamistas agropecuarios al racionar el crédito : la ley de hierro de las restricciones a las tasas de interes /
_rClaudio González Vega --
_tCrédito agropecuario artificialmente barato : redistribución al reves/
_rClaudio González Vega
590 _aInventariado, 2018/MFF
650 4 _aInstituciones financieras
_zRepública Dominicana
_96015
650 4 _aMercado de capitales
_zRepública Dominicana
_96292
650 4 _aDistribución del ingreso
_zRepública Dominicana
_96293
650 4 _aCrédito agrícola
_zRepública Dominicana
_96294
700 1 2 _aGonzález Vega, Claudio
_96295
710 _aCentro de Estudios Monetarios y Bancarios (República Dominicana)
_bCentro de Estudios Monetarios y Bancarios
_96296
830 0 _aLa Palabra
_96297
910 _aValidado. Control de calidad. MFF
942 _2ddc
_cLBS1
999 _c1806
_d1806